Catálogo Biblioteca Central

Le droit communautaire et la suspension provisoire des mesures nationales (Registro nro. 12065)

Detalles MARC
000 -CABECERA
campo de control de longitud fija 00819naa a2200217 i 4500
001 - NÚMERO DE CONTROL
campo de control 12065
003 - IDENTIFICADOR DEL NÚMERO DE CONTROL
campo de control ES-MaBCM
005 - FECHA Y HORA DE LA ÚLTIMA TRANSACCIÓN
campo de control 20241016091628.0
008 - CÓDIGOS DE INFORMACIÓN DE LONGITUD FIJA
campo de control de longitud fija 901122s1990 fra 000 0 fre d
021 ## -
-- xx
035 ## - NÚMERO DE CONTROL DEL SISTEMA
Número de control de sistema (OCoLC)1365204866
040 ## - FUENTE DE LA CATALOGACIÓN
Centro transcriptor ES-MaBCM
041 0# - CÓDIGO DE LENGUA
Código de lengua del texto/banda sonora o título independiente fre
043 ## - CÓDIGO DE ÁREA GEOGRÁFICA
Código de área geográfica fra
100 1# - PUNTO DE ACCESO PRINCIPAL - NOMBRE DE PERSONA
Nombre de persona Simon, Denys
9 (RLIN) 44190
245 13 - MENCIÓN DE TÍTULO
Título Le droit communautaire et la suspension provisoire des mesures nationales
Resto del título : les enjeux de l'affaire factortame
Mención de responsabilidad etc. Denys Simon
520 ## - SUMARIO, ETC.
Sumario etc. La garantía de los derechos engendrados en beneficio de los particulares por el derecho comunitario ha de ser asegurada por las jurisdicciones nacionales
650 27 - PUNTO DE ACCESO ADICIONAL DE MATERIA--TÉRMINO DE MATERIA
Término de materia o nombre geográfico como elemento inicial Aplicación del derecho de la UE
9 (RLIN) 57566
773 0# - ENLACE AL DOCUMENTO FUENTE
Encabezamiento principal En:
Título Revue du Marché Commun
Lugar editor y fecha de publicación Paris : 1990
Número de control del registro relacionado 104653
Parte(s) relacionada(s) nº 340, octubre ; p. 591-597
942 ## - ELEMENTOS DE PUNTO DE ACCESO ADICIONAL (KOHA)
Tipo de ítem Koha Artículos de revistas
Existencias
Estado de retiro Estado de pérdida Estado dañado No para préstamo Localización permanente Ubicación/localización actual Fecha de adquisición Precio válido a partir de Tipo de ítem Koha
        Biblioteca Central del Ministerio de la Presidencia Biblioteca Central del Ministerio de la Presidencia 21/04/2012 21/04/2012 Artículos de revistas